|
|
|
|
| LEADER |
00000 a2200000 4500 |
| 001 |
RU/ROS-EDU.RU/83517 |
| 856 |
4 |
|
|u https://www.ros-edu.ru/book?id=83517
|z Перейти к просмотру издания
|
| 010 |
|
|
|a 978-5-521-05798-6
|
| 100 |
|
|
|a 20170101d2017 |||y0rusy0250
|
| 105 |
|
|
|a y z 000zy
|
| 101 |
0 |
|
|a rus
|
| 102 |
|
|
|a RU
|
| 200 |
1 |
|
|a Irish Fairy and Folk Tales
|b Электронный ресурс
|f W. B. Yeats
|g William ред.
|
| 700 |
|
1 |
|b W. B.
|a Yeats
|4 070
|
| 702 |
|
1 |
|b William
|a ред.
|4 070
|
| 330 |
|
|
|a Уильям Йейтс - один из самых известных ирландских поэтов в мировой литературе, признанный мастер слова, лауреат Нобелевской премии по литературе 1923 года. «Ирландские сказания» - это настоящая антология ирландского фольклора, собранного и выпущенного под редакцией Йейтса. В сборник вошли самые удивительные истории и рассказы. Читателя ждут невероятные приключения, потрясающий эпос и незабываемые сказки, которые покоряют читателей во всём мире уже более 100 лет. Читайте зарубежную литературу в оригинале!
|
| 210 |
|
|
|a Москва
|c T8RUGRAM
|d 2017
|
| 610 |
1 |
|
|a художественная литература
|
| 610 |
1 |
|
|a английский язык
|
| 610 |
1 |
|
|a зарубежная проза
|
| 610 |
1 |
|
|a классика
|
| 610 |
1 |
|
|a ирландский фольклор
|
| 610 |
1 |
|
|a сказка
|
| 610 |
1 |
|
|a приключение
|
| 675 |
|
|
|a 82
|
| 686 |
|
|
|a 84
|2 rubbk
|
| 300 |
|
|
|a Книга находится в премиум-версии платформы «Русский как иностранный».
|
| 215 |
|
|
|a 197 с.
|